000
00332 a2200157 4500
001
187953
020
_a
85-279-0387-3
040
_c
Magnum
100
_a
Kavera
240
1
0
_a
Bazófias peristálticas
_l
por
245
1
0
_a
Bazófias peristálticas
300
_a
157
362
0
_a
2005
697
_a
LITERATURA GERAL
942
_c
BK
999
_c
187953
_d
187953